| 000 | 01333nam0a22003371 4500 | ||
|---|---|---|---|
| 001 | rc\4351272 | ||
| 005 | 20240314143512.0 | ||
| 021 |
_aRU _bРг4065-66 |
||
| 021 |
_aRU _b66-34303 |
||
| 035 | _a(NLR Aleph) 008278851 | ||
| 090 |
_a8503613 _c8503613 |
||
| 100 | _a20130416d1966 |||y0rusy50 ca | ||
| 101 | 0 | _arus | |
| 102 | _aRU | ||
| 105 | _aa z ||||| | ||
| 200 | 1 |
_aИгрушки-самоделки _fАвт. игрушек [и авт. текста] А.В. Ефимова _gХудож.: Т.К. Добровольская и Н.Г. Лебедев |
|
| 205 | _a[4-е изд.] | ||
| 210 |
_aЛенинград _cХудожник РСФСР _d1966 |
||
| 215 |
_a[20] с. _cил. _d23 |
||
| 300 | _aНа обл. авт. не указан | ||
| 311 | _aПрил.: Чертежи выкроек и объявления., 1966 | ||
| 421 | 0 |
_11010#$arus _12001#$aЧертежи выкроек и объявления _1210##$d1966 _1215##$a[32] с. |
|
| 700 | 1 |
_aЕфимова _bА. В. _cпедагог, театр. художник _gАнна Васильевна _3RU\NLR\AUTH\770265926 _4070 |
|
| 702 | 1 |
_aДобровольская _bТ. К. _4440 |
|
| 702 | 1 |
_aЛебедев _bН. Г. _4440 |
|
| 801 | 0 |
_aRU _bNLR _gpsbo |
|
| 801 | 1 |
_aRU _bELAR _2rusmarc |
|
| 852 |
_aNLR _j66-8/864 |
||
| 942 | _cBOOK | ||
| 980 | _aNB | ||